000 nam a22 7a 4500
999 _c8016
_d8016
008 171121b xxu||||| |||| 00| 0 eng d
100 _aRussell.C.
_94470
245 _aGoldilocks & the three bears
260 _bLady bird
_c1993